MARC

LEADER 00000nam0a2200000 4500
001 274234
005 20231101234716.0
010 |b 10000 экз. 
035 |a (RuTPU)RU\TPU\book\297444 
090 |a 274234 
100 |a 20141031d1954 k y0rusy50 ca 
101 0 |a rus 
102 |a RU 
105 |a a z 001zy 
200 1 |a Материально-производственная база социализма  |f А. И. Ноткин  |g Академия наук СССР (АН СССР), Институт экономики (ИЭ) 
210 |a Москва  |c Издательство Академии наук СССР  |d 1954 
215 |a 308 с.  |c табл. 
316 |5 63413507: М-133053  |a На титульном листе владельческая подпись: "Бутаков" 
317 |5 63413507: М-133053  |a Поступила в НТБ в 1970 г. в составе книжного собрания профессора ТПИ И. Н. Бутакова 
320 |a Постраничные примечания 
606 1 |a Социализм  |x Политэкономия  |2 stltpush  |3 (RuTPU)RU\TPU\subj\36937  |9 58131 
610 1 |a материально-производственные базы 
610 1 |a социалистическое производство 
610 1 |a общественное разделение труда 
610 1 |a машинное производство 
610 1 |a производительность труда 
610 1 |a социалистическое соревнование 
610 1 |a экономика 
610 1 |a библиотека И. Н. Бутакова 
610 1 |a владельческая надпись 
686 |a У013.7  |2 rubbk 
700 1 |a Ноткин  |b А. И. 
712 0 2 |a Академия наук СССР (АН СССР)  |b Институт экономики (ИЭ)  |c (Москва)  |2 stltpush  |3 (RuTPU)RU\TPU\col\11342 
801 1 |a RU  |b 63413507  |c 20141031 
801 2 |a RU  |b 63413507  |c 20190906  |g RCR 
942 |c BK